[Event "Niedersachsen-ch op-D"]
[White "Vianden, Ella"]
[Black "Sobirey, Niklas"]
[Site "Verden"]
[Round "7"]
[Result "0-1"]
[Date "2017.01.08"]
[WhiteElo "920"]
[BlackElo "1211"]
[PlyCount "78"]
[EventDate "2017.01.05"]
[EventType "swiss"]
[EventRounds "7"]
[EventCountry "GER"]
[SourceTitle "CBM 187 Extra"]
[Source "ChessBase"]
[SourceDate "2018.11.04"]
[SourceVersion "1"]
[SourceVersionDate "2018.11.04"]
[SourceQuality "1"]

1. e4 e6 2. d4 d5 3. exd5 exd5 4. Nc3 Nf6 5. Nf3 Nc6 6. Bb5 Bd7 7. Bf4 Bb4 8. a3 Bxc3+ 9. bxc3 0-0 10. 0-0 h6 11. Re1 a6 12. Bxc6 Bxc6 13. Rb1 Ne4 14. Rb3 Ba4 15. Rxb7 Rc8 16. c4 Nd6 17. Rb4 Nxc4 18. Nd2 Nxd2 19. Qxd2 Bd7 20. Qd3 a5 21. Rb7 Re8 22. Rxe8+ Bxe8 23. Qg3 g5 24. Be3 Bc6 25. Ra7 Rb8 26. h3 Rb7 27. Rxa5 f5 28. Bd2 Rb2 29. Bb4 Rxc2 30. Qe5 Qd7 31. Qf6 Qf7 32. Qd8+ Kg7 33. Ra7 Bb5 34. Rb7 Ba6 35. Rb8 Re2 36. Qh8+ Kg6 37. g4 fxg4 38. hxg4 Qxf2+ 39. Kh1 Qg2# 0-1